Dejiny žiarskeho školstva (aktuálne otázky školského múzejníctva IX) : zborník Múzea školstva a pedagogiky

Bibliographic Details
Main Author: Vaněková, Daniela, 1956- (Author)
Other Authors: Michalička, Vladimír, 1950- (Compiler)
Format: Book
Language:Slovak
Published: Bratislava Ústav informácií a prognóz školstva 2004
Edition:[1. vyd.]
Subjects:

MARC

LEADER 00000cam a2200000 a 4500
001 vtls001480181
003 SK-MaSNL
005 20260331204437.0
008 220720s2004 xo ao f 10000 slo
015 |a SNBA2004/08-04566 
020 |a 8070983795 
035 |a SNK000435479 
035 |a urn:nbn:sk:snk-amjt05 
035 |a urn:nbn:sk:snk:ar-008ri2 
035 |a af305e08-8db3-4d96-9ba5-1da71499454e 
040 |a SNK  |b slo  |c SNK  |e AACR2 
041 0 |a slo  |b eng  |b ger  |b slo 
043 |a e-xo--- 
044 |a xo  |c SK 
072 7 |a 371  |2 konspekt 
080 |a 371  |2 1981 
080 |a 37.0  |2 1981 
080 |a 94(437.6)  |2 1981 
080 |a (063)  |2 1981 
100 1 |a Michalička, Vladimír,  |d 1950-  |4 com  |9 207401 
245 1 0 |a Dejiny žiarskeho školstva  |b (aktuálne otázky školského múzejníctva IX) : zborník Múzea školstva a pedagogiky  |c Vladimír Michalička, Daniela Vaněková 
250 |a [1. vyd.] 
260 |a Bratislava  |b Ústav informácií a prognóz školstva  |c 2004 
300 |a 100 strán, [4] strany fotografickej prílohy  |b fotografie  |c 21 cm 
366 |e 150 kusov 
500 |a Resumé angl., nem., slov. 
500 |a Poznámky 
504 |a Bibliografia s. 97-100 
650 0 7 |a školstvo  |z Žiar nad Hronom (Slovensko)  |x zborníky  |2 SNK  |9 467348 
650 0 7 |a školstvo  |z Slovensko  |x dejiny  |2 SNK  |9 467349 
650 0 7 |a výchova a vzdelávanie  |z Slovensko  |2 SNK  |9 305565 
655 7 |a zborníky konferencií  |2 SNKPH  |9 70153 
655 7 |a issue_zb  |2 SNK  |9 276493 
700 1 |a Vaněková, Daniela,  |d 1956-  |4 aut  |9 251883 
919 |a 80-7098-379-5 
954 |a odborná, vedecká literatúra pôvodná (slovenská)  |2 lita 
958 |a OND 
958 |a ART 
958 |a NB 
968 |d 37 
999 |c 732002  |d 733932 
952 |t P60, <03>, [BOOK], {603}  |a SNK  |b SNK  |y PREZ  |7 0  |p 17A0439643  |o snkSC 117012  |i snkKSP 10957/2004  |0 0  |1 0  |4 0  |d 2004-08-17  |l 0  |r 2025-10-16 00:00:00  |w 2026-02-23 
952 |t P60, <04>, [BOOK], {604}  |a SNK  |b SNK  |y VYP  |7 0  |p 17A0439642  |o snkSC 117012 D1  |i snkKSP 10958/2004  |0 0  |1 0  |4 0  |d 2004-08-17  |l 0  |r 2005-01-02 00:00:00  |w 2026-02-23